<?xml version="1.0" encoding="UTF-8"?><?xml-stylesheet type="text/xsl" href="static/style.xsl"?><OAI-PMH xmlns="http://www.openarchives.org/OAI/2.0/" xmlns:xsi="http://www.w3.org/2001/XMLSchema-instance" xsi:schemaLocation="http://www.openarchives.org/OAI/2.0/ http://www.openarchives.org/OAI/2.0/OAI-PMH.xsd"><responseDate>2026-06-03T05:27:20Z</responseDate><request verb="GetRecord" identifier="oai:riuma.uma.es:10630/30017" metadataPrefix="marc">https://riuma.uma.es/rest/oai/request</request><GetRecord><record><header><identifier>oai:riuma.uma.es:10630/30017</identifier><datestamp>2026-02-03T11:09:55Z</datestamp><setSpec>com_10630_2254</setSpec><setSpec>col_10630_37953</setSpec></header><metadata><record xmlns="http://www.loc.gov/MARC21/slim" xmlns:dcterms="http://purl.org/dc/terms/" xmlns:doc="http://www.lyncode.com/xoai" xmlns:xsi="http://www.w3.org/2001/XMLSchema-instance" xsi:schemaLocation="http://www.loc.gov/MARC21/slim http://www.loc.gov/standards/marcxml/schema/MARC21slim.xsd">
   <leader>00925njm 22002777a 4500</leader>
   <datafield ind2=" " ind1=" " tag="042">
      <subfield code="a">dc</subfield>
   </datafield>
   <datafield ind2=" " ind1=" " tag="720">
      <subfield code="a">De-Vicente-Domínguez, Aida María</subfield>
      <subfield code="e">author</subfield>
   </datafield>
   <datafield ind2=" " ind1=" " tag="720">
      <subfield code="a">Cuartero-Naranjo, Antonio</subfield>
      <subfield code="e">author</subfield>
   </datafield>
   <datafield ind2=" " ind1=" " tag="720">
      <subfield code="a">Báez-De-Aguilar-González, Francisco</subfield>
      <subfield code="e">author</subfield>
   </datafield>
   <datafield ind2=" " ind1=" " tag="260">
      <subfield code="c">2020</subfield>
   </datafield>
   <datafield ind2=" " ind1=" " tag="520">
      <subfield code="a">El artículo analiza el papel que desempeñan en el proceso de integración y construcción europea aquellos medios en lengua extranjera publicados en la Costa del Sol para la población alemana residente en esta región. Los objetivos son conocer las características sociodemográficas de esta audiencia activa, identificar su dieta mediática, analizar el papel que desempeñan los medios que componen esta dieta mediática en la integración de la población de residentes alemanes en la sociedad española, especialmente desde el punto de vista del proceso de construcción europea. La encuesta y el grupo de discusión conforman la metodología central de este estudio. La principal conclusión explica que estos medios les ayudan parcialmente en su proceso de integración, si bien, podría aumentar este papel si atendiese a las demandas informativas y los problemas que obstaculizan su integración. Además, los alemanes residentes en la Costa del Sol demuestran un fuerte espíritu europeísta.</subfield>
   </datafield>
   <datafield ind1="8" ind2=" " tag="024">
      <subfield code="a">Doxa Comunicación: revista interdisciplinar de estudios de comunicación y ciencias sociales. e-ISSN 2386-3978 n. 31, 2020, pp 107-129</subfield>
   </datafield>
   <datafield ind1="8" ind2=" " tag="024">
      <subfield code="a">https://hdl.handle.net/10630/30017</subfield>
   </datafield>
   <datafield ind1="8" ind2=" " tag="024">
      <subfield code="a">10.31921/doxacom.n31a5</subfield>
   </datafield>
   <datafield tag="653" ind2=" " ind1=" ">
      <subfield code="a">Periodismo - Aspectos sociales</subfield>
   </datafield>
   <datafield tag="653" ind2=" " ind1=" ">
      <subfield code="a">Medios de comunicación social - Aspectos sociales</subfield>
   </datafield>
   <datafield ind2="0" ind1="0" tag="245">
      <subfield code="a">Migrantes europeos en la Costa del Sol: análisis de la audiencia alemana en el consumo de los medios extranjeros en el proceso de integración europea.</subfield>
   </datafield>
</record>
</metadata></record></GetRecord></OAI-PMH>